| 000 | 01106nam a22002537a 4500 | ||
|---|---|---|---|
| 001 | 9567 | ||
| 003 | FISKH | ||
| 005 | 20260128102124.0 | ||
| 008 | 260123b cb ||||| |||| 00| 0 eng d | ||
| 020 | _a9781444968927 | ||
| 040 |
_aFISKH _beng _cFISKH _dFISKH |
||
| 050 | _a PZ7.7 .O7656 .H | ||
| 082 | _a741.5 | ||
| 100 | _aOseman , Alice | ||
| 245 |
_aHeartstopper : _bVolume 1 / _cBy Alice Oseman |
||
| 260 |
_aLondon : _b Hodder Children's Books, _c2018 . |
||
| 300 |
_a304 pages : _billustrations ; _c24 cm . |
||
| 490 |
_aHeartstopper _v (1) |
||
| 520 | _a"Shy and softhearted Charlie Spring sits next to rugby player Nick Nelson in class one morning. A warm and intimate friendship follows, and that soon develops into something more for Charlie, who doesn't think he has a chance. But Nick is struggling with feelings of his own, and as the two grow closer and take on the ups and downs of high school, they come to understand the surprising and delightful ways in which love works"-- | ||
| 650 |
_aContemporary _vFiction |
||
| 650 |
_aRomance _vFiction |
||
| 942 |
_2ddc _cBK _n0 |
||
| 999 |
_c9567 _d9567 |
||